000 00495nam a22001817a 4500
003 koha_MIRAKIL
005 20231213095848.0
008 231213b |||||||| |||| 00| 0 ||| d
020 _b978-9-75553587-6
040 _aTR-IsEVY
_btur
_cTR-IsEVY
082 _a510 PAS/M
100 _aPappas, Theoni.
245 0 _aMatematik hayattır
_bhayatımızı süsleyen matematik parçacıkları.
260 _bDoruk Yayıncılık,
_c2013
300 _a207
650 _aMatematik.
942 _2ddc
_cBK
999 _c10671
_d10671